000 00832nam a2200229 a 4500
001 000219255
003 AM-YeHGA
005 20250618071517.0
008 030418s1985 ai |||||| 000 | arm d
040 _aAM-YeHGA
041 1 _aarm
_heng
100 1 _aՄոեմ, Սոմերսեթ,
_d1874-1965
_98655
245 1 0 _aԹատրոն :
_bՎեպ /
_cՍ. Մոեմ; Թարգմ.՝ Ջ. Հովհաննիսյան; Խմբ.՝ Ա.Ս. Հովսեփյան.
260 _aԵրևան :
_bՍովետական գրող,
_c1985.
300 _a261 էջ ;
_c20 սմ.
500 _aՏողատակում՝ ծանոթագրություններ:
650 1 4 _aԱնգլիական արձակ
700 1 _aՀովհաննիսյան, Ջուլիետ
_eթարգմ.
_4trl
700 1 _aՀովսեփյան, Ա.Ս.
_eխմբ.
_4edt
942 _2udc
_cBK
090 _c78088
999 _c76848
_d76848